Lady Gaga - Paroles Paparazzi - Statistiques

Statistiques générales
  • Ce quiz a été pris 37 fois
  • Le résultat moyen est 204 sur 300
Statistiques - réponses
Hint Réponse % Correct
ha
100%
ha)
100%
I
97%
Papa
97%
papa
97%
paparazzi
97%
me
93%
you,
93%
you
93%
a
90%
be
90%
ha)
90%
the
90%
fan,
86%
Refrain I'm
86%
I'll
83%
love
83%
your
83%
Your
83%
are
79%
biggest
79%
But
79%
but
79%
Couplet 1 We
79%
is
79%
until
79%
we
79%
baby,
76%
Baby,
76%
follow
76%
no
76%
of
76%
that
76%
that,
76%
don't
72%
Don't
72%
it
72%
know
72%
picture
72%
so
72%
it's
69%
mine
69%
stop
69%
and
66%
boy
66%
kind
66%
magical
66%
Promise
66%
there's
66%
won't
66%
flash
62%
have
62%
in
62%
Not
62%
on,
62%
on
62%
us,
62%
'Cause
59%
'cause
59%
'Cause
59%
for
59%
glamorous
59%
price
59%
we're
59%
We're
59%
photo
55%
superstar,
55%
this
55%
lights
52%
other
52%
out
52%
what
52%
c-comin'
48%
flashing
48%
jeans,
48%
my
48%
My
48%
Ready
48%
those
48%
to
48%
means
45%
sure
45%
We'd
45%
crowd,
41%
famous,
41%
Got
41%
Leather
41%
Need
41%
studio
41%
true
41%
at
38%
cherry
38%
fun
38%
Loving
38%
show
38%
you'll
38%
chase
34%
cigarettes
34%
Eyeliner
34%
garage
34%
girl
34%
pie
34%
radio
34%
Snap,
34%
snap
34%
still
34%
(Yeah
34%
Yeah,
34%
you're
34%
anyone
31%
between
31%
dance
31%
down
31%
plastic,
31%
rockstar
31%
cry,
28%
guitars
28%
shit
28%
backstage
24%
dry
24%
good,
24%
Purple
24%
Bridge Real
24%
ropes
24%
sets
24%
teardrops
24%
Velvet
24%
lashes
21%
Shadow
21%
turn
21%
yellow,
21%
burnt,
17%
fantastico
10%
Aucun quiz correspondant
Distribution des résultats
% des personnes avec chaque résultat
Percentile par nombre de réponses
Votre historique - résultats
Vous n’avez pas pris ce quiz